CCNP and CCIE Data Enterprise Core: (Record no. 204030)

MARC details
000 -LEADER
fixed length control field 00820nam a22002297a 4500
005 - DATE AND TIME OF LATEST TRANSACTION
control field 20240708162351.0
010 ## - LCCN (DPL NO)
LC control number ENG-140836
020 ## - INTERNATIONAL STANDARD BOOK NUMBER
International Standard Book Number 9789390531882
Terms of availability 1109.00
035 ## - SYSTEM CONTROL NUMBER
System control number EN-124368
037 ## - SOURCE OF ACQUISITION
Source of stock number/acquisition DBAD
082 ## - DEWEY DECIMAL CLASSIFICATION NUMBER
Edition number 1
Classification number 004.068
100 ## - MAIN ENTRY--PERSONAL NAME
Personal name Edgeworth, Brad
245 ## - TITLE STATEMENT
Title CCNP and CCIE Data Enterprise Core:
Remainder of title ENCOR 350-401 Official Cert Guide/
Statement of responsibility, etc By Brad Edgeworth...[et.al]
250 ## - EDITION STATEMENT
Edition statement 1
260 ## - PUBLICATION, DISTRIBUTION, ETC. (IMPRINT)
Place of publication, distribution, etc Noida
Name of publisher, distributor, etc Pearson India Education
Date of publication, distribution, etc 2022
270 ## - ADDRESS
Address 15th floor, Tower- B, World Trade Tower, plot No.1, Block -C, Sector-16, Noida,
City Uttar Pradesh
Postal code 201301
300 ## - PHYSICAL DESCRIPTION
Extent xliv,973p.
Dimensions 23cm(pbk)
Other physical details Index
700 ## - ADDED ENTRY--PERSONAL NAME
Personal name Rios, Ramiro Garza
Relator term Author
9 (RLIN) 68249
700 ## - ADDED ENTRY--PERSONAL NAME
Personal name Hucaby, David
Relator term Author
9 (RLIN) 68250
700 ## - ADDED ENTRY--PERSONAL NAME
Personal name Gooley, Jason
Relator term Author
9 (RLIN) 68251
942 ## - ADDED ENTRY ELEMENTS (KOHA)
Source of classification or shelving scheme Dewey Decimal Classification
Item type English Books
Classification part 004.068
Call number suffix EDG
Edition 1
Holdings
Withdrawn status Lost status Not for loan Collection code Home library Current library Date acquired Source of acquisition Cost, normal purchase price Full call number Barcode Copy number Cost, replacement price Koha item type
      Non-fiction New Police Line New Police Line 08/07/2024 DBAD 1109.00 004.068 EDG EN-124368 1 1109.00 English Books

© Delhi Public Library
Hit Counter
free hit counter